BOUNCY - ATEEZ - Statistics

General Stats
  • This quiz has been taken 18 times
  • The average score is 195 of 238
Answer Stats
Hint Answer % Correct
m
100%
n
100%
o
100%
gogaereul haneul wiro deureo ap dwi yang yeop nae mal deureo s
100%
yo!
100%
you
100%
and
93%
bouncy
93%
urin mandeulji BOUNCY!
93%
how
93%
i
93%
it
93%
know
93%
can
87%
do
87%
down
87%
(HJ) jigeumbuteo | (MG) jigeumbuteo | (WY) jigeumbuteo | +7 others fly
87%
g
87%
if
87%
its
87%
make
87%
now
87%
on
87%
on!
87%
right
87%
show
87%
slow
87%
back
80%
go
80%
im
80%
relax
80%
sit
80%
the
80%
time
80%
wanna
80%
want
80%
we
80%
what
80%
every
73%
fix
73%
for
73%
gonna
73%
need
73%
one
73%
(JH) neukkyeobwara ige uri soriya one!
73%
some
73%
(YH) jom dareun | jom dareun spicy
73%
(YH) yeoljungshwieo three
73%
three!
73%
two
73%
two!
73%
michil daero michin saramdeulgwa mak gwayeol jikjeonkkaji teoreo yeah
73%
air
67%
dont
67%
four
67%
got
67%
man
67%
man?
67%
matter
67%
over
67%
say?
67%
saying?
67%
cheongyanggochu | cheongyanggochu vibe
67%
body
60%
(ALL) gogael jeoeo | (YH) gogael deureo | (YH) gogael jeoeo | (YS) gogael jeoeo bounce
60%
bro
60%
but
60%
(SN)
ajik baegopa
urin jeolmgie
bikyeobwa
cause
60%
everybody
60%
lets
60%
microphone
60%
not
60%
party
60%
realize
60%
bet
53%
(YH) mukkyeo isseotteon modeun geol pureonae (YS) meomchun chae sal sun eopseo | bunwigireul ppaetji
ttara chudeonga neon baekki
geugeotto mot hamyeon ttaejji
bring
53%
burn
53%
(JH) neukkyeobwara ige uri soriya come
53%
doesnt
53%
ah
47%
hamyeon hu (SN)
rideume matchweo
heundeureora meori (WY)
geochil geot eopji
uril maga bwa (YS) modeun geon
unlock
27%
aye
20%
(SH)
it tto nora boja deo
tteugeoweo yeogin
twieo ollabwa nopi deo nopi
teojinda teojyeo narara meolli
gimmie
7%
No matching quizzes found
Score Distribution
Percent of People with Each Score
Percentile by Number Answered
Your Score History
You have not taken this quiz